[Event "Astana Zhuldyzdary op-A"]
[Site "Astana"]
[Date "2023.07.18"]
[Round "10"]
[White "Kovalev, Vladislav"]
[Black "Kamalidenova, Meruert"]
[Result "1/2-1/2"]
[WhiteElo "2603"]
[BlackElo "2336"]
[PlyCount "67"]
[EventDate "2023.07.11"]
[EventType "swiss"]
[EventRounds "10"]
[EventCountry "KAZ"]
[SourceTitle "EXT 2024"]
[Source "ChessBase"]
[SourceDate "2023.10.10"]
[SourceVersion "1"]
[SourceVersionDate "2023.10.10"]
[SourceQuality "1"]

1. e4 c5 2. Ne2 Nc6 3. d4 cxd4 4. Nxd4 Nf6 5. Nc3 e6 6. Ndb5 Bc5 7. Bf4 0-0 8. Bc7 Qe7 9. Bd6 Bxd6 10. Qxd6 Qd8 11. Qd2 d5 12. exd5 exd5 13. 0-0-0 a6 14. Nd4 Re8 15. f3 Qb6 16. g4 Be6 17. h4 Nd7 18. Nce2 Nde5 19. h5 Bd7 20. b3 Rac8 21. h6 Nb4 22. Kb1 g6 23. c3 Nbd3 24. Nf4 Nxf4 25. Qxf4 Rxc3 26. Rh2 Rcc8 27. Rc2 Nc4 28. Re2 Rxe2 29. Bxe2 Qd6 30. Qxd6 Nxd6 31. Nc2 Bb5 32. Nd4 Bd7 33. Nc2 Bb5 34. Nd4 1/2-1/2